[Event "AUT-ch U10"]
[Site "St Leonhard/Forst"]
[Date "2006.??.??"]
[Round "4"]
[White "Berger, Tobias"]
[Black "Ziller, Oliver"]
[Result "0-1"]
[WhiteElo "1200"]
[BlackElo "1324"]
[PlyCount "102"]
[EventDate "2006.05.??"]
[EventType "swiss"]
[EventRounds "7"]
[EventCountry "AUT"]
[SourceTitle "EXT 2009"]
[Source "ChessBase"]
[SourceDate "2008.11.26"]
[SourceVersion "1"]
[SourceVersionDate "2008.11.26"]
[SourceQuality "1"]

1. d4 d5 2. c4 dxc4 3. e4 b5 4. a3 e6 5. Nc3 Bd7 6. Nf3 Na6 7. Bf4 Nf6 8. g3 c5 9. Bg2 Be7 10. Ng5 Bc6 11. 0-0 0-0 12. e5 Bxg2 13. Kxg2 Nd5 14. Nxd5 Qxd5+ 15. Nf3 Rad8 16. dxc5 Qxc5 17. Qc2 Qc6 18. Kg1 Qxf3 19. Be3 Bc5 20. Bxc5 Nxc5 21. Rad1 g6 22. Qc3 Qxc3 23. bxc3 Rd3 24. Rb1 Nb3 25. Rfd1 Nc5 26. Kf1 Rfd8 27. Ke2 Rxd1 28. Rxd1 Nd3 29. Rd2 Nc1+ 30. Ke3 Rd3+ 31. Rxd3 Nxd3 32. Ke4 Nxf2+ 33. Kd4 Nd3 34. h4 Kg7 35. Ke4 f6 36. exf6+ Kxf6 37. g4 g5 38. hxg5+ Kxg5 39. Kf3 Ne5+ 40. Kg3 Nxg4 41. Kf3 h5 42. Kg3 e5 43. Kf3 h4 44. Kg2 e4 45. Kf1 h3 46. Kg1 e3 47. Kf1 h2 48. Kg2 e2 49. Kh1 e1Q+ 50. Kg2 Qf2+ 51. Kh1 Qg1# 0-1

[Event "AUT-ch U10"]
[Site "St Leonhard/Forst"]
[Date "2006.??.??"]
[Round "7"]
[White "Ziller, Oliver"]
[Black "Tscheinig, Sandro"]
[Result "1/2-1/2"]
[WhiteElo "1324"]
[BlackElo "1200"]
[PlyCount "56"]
[EventDate "2006.05.??"]
[EventType "swiss"]
[EventRounds "7"]
[EventCountry "AUT"]
[SourceTitle "EXT 2009"]
[Source "ChessBase"]
[SourceDate "2008.11.26"]
[SourceVersion "1"]
[SourceVersionDate "2008.11.26"]
[SourceQuality "1"]

1. e4 d5 2. exd5 Nf6 3. c4 c6 4. dxc6 Nxc6 5. Nc3 Bg4 6. Be2 Bf5 7. Qa4 e6 8. Nf3 Be7 9. Nd4 Qxd4 10. Nb5 Qc5 11. Nc7+ Kd8 12. Nxa8 Nd7 13. 0-0 Bd6 14. d3 Qe5 15. g3 Qxe2 16. Qd1 Nd4 17. Qxe2 Nxe2+ 18. Kh1 Bxd3 19. Kg2 Be4+ 20. f3 Bd3 21. Rd1 Bxc4 22. Rxd6 Ke7 23. Rd2 Rxa8 24. Kf2 Nxc1 25. Rxc1 Bxa2 26. Rc7 Rd8 27. Rxb7 a6 28. b4 Bc4 1/2-1/2